Five Nights at Freddy's- The Living Tombstone - Statistics

General Stats
  • This quiz has been taken 95 times
  • The average score is 192 of 275
Answer Stats
Answer % Correct
I
92%
night
89%
We
89%
a
87%
be
83%
be?
83%
where
83%
so
82%
to
80%
We're
80%
we're
80%
you
80%
You
80%
do
79%
Don't
79%
don't
79%
Five
79%
get
79%
us
79%
us,
79%
at
77%
Freddy's
77%
Freddy's x2
77%
in
77%
The
77%
all
76%
all,
76%
it
76%
Nights
76%
been
75%
every
75%
we've
75%
We've
75%
what
75%
An
73%
and
73%
And
73%
For
73%
for
73%
here
73%
just
73%
our
73%
play
73%
want
73%
with
73%
alone
72%
away
72%
Haha
72%
Hahaha
72%
let
72%
little
72%
not
72%
stuck
72%
Stuck
72%
waiting
72%
poor
70%
since
70%
souls
70%
this
70%
finally
69%
Is
69%
is
69%
lock
69%
that
69%
thinking
69%
1987
68%
invite
68%
Please
68%
you're
68%
many
66%
Now
66%
Who
66%
Why
66%
years,
66%
control
65%
forced
65%
decay
63%
have
63%
lost
63%
roam
63%
stay?
63%
day
62%
friend
62%
zone
62%
Join
61%
life
61%
Newcomers
61%
Or
61%
same
61%
took
61%
like
58%
place
58%
see
58%
After
56%
It's
56%
still
56%
got
55%
known
55%
should
55%
defend
54%
songs
54%
those
54%
another
52%
job
52%
really
52%
role
52%
goodbye
51%
said
51%
before
49%
doors
49%
looked
49%
more
49%
only
49%
take
49%
face
48%
much
48%
quite
48%
remember
48%
yours
48%
you've
48%
seem
46%
Maybe
44%
there's
41%
acquainted
39%
,oh
39%
suprised
37%
impostor
32%
No matching quizzes found
Score Distribution
Percent of People with Each Score
Percentile by Number Answered
Your Score History
You have not taken this quiz